000 00431pab a2200157 454500
008 180718b2004 xxu||||| |||| 00| 0 eng d
100 _aRobbins, Suzanne M.
245 _aWelfare-reform and economic and housing capacity for low-income households, 1997-1999
260 _c2004
300 _ap.439-460.
362 _aAug
650 _aHousing
700 _aBarcus, Holly R.
773 _aPolicy Studies Journal
909 _a62211
999 _c62211
_d62211